Animals in Swahili - Statystyki

Ogólne statystyki
  • Ten quiz został rozwiązany 3 razy
  • Średni wynik to 6 z 25
Statystyki odpowiedzi
Angielski Swahili % Poprawnych
lion simba
100%
hyena fisi
50%
rhinoceros kifaru
50%
crocodile mamba
50%
mosquito mbu
50%
dog mbwa
50%
cow ng'ombe
50%
pig nguruwe
50%
snake nyoka
50%
cat paka
50%
giraffe twiga
50%
hippopotamus kiboko
0%
crow kunguru
0%
goat mbuzi
0%
insect mdudu
0%
livestock mifugo
0%
animal mnyama
0%
bird ndege
0%
warthog ngiri
0%
buffalo nyati
0%
zebra pundamilia
0%
rabbit sungura
0%
impala swala
0%
elephant tembo
0%
monkey tumbili
0%
Nie znaleziono quizów pasujących do podanych kryteriów
Rozkład punktacji
Procent ludzi z każdym wynikiem
Percentyl według liczby udzielonych odpowiedzi
Twoja historia wyników
Nie rozwiązałeś tego quizu